000 00459pab a2200181 454500
008 180718b1996 xxu||||| |||| 00| 0 eng d
100 _aRath, Nilakantha
245 _aPoverty in India revisited
260 _c1996
300 _ap.76-108
362 _aJan-Mar
650 _aAgriculture - India
650 _aRural poor - India
650 _aPoverty - India
650 _aPoverty
773 _aIndian Journal of Agricultural Economics
909 _a31976
999 _c31976
_d31976